| 000 | 00560nam a2200181Ia 4500 | ||
|---|---|---|---|
| 008 | 151018s9999 xx 000 0 und d | ||
| 082 |
_bRBASDV62929 _a891.463 |
||
| 100 | _aसाईनाथ पाचारणे | ||
| 245 | _aपंचक | ||
| 250 | _b1 | ||
| 260 |
_b"निखील प्रकाशन, कोल्हापूर" _c2011 |
||
| 300 | _a168 | ||
| 600 | _aसाईनाथ पाचारणे | ||
| 630 | _aपंचक | ||
| 700 | _aसाईनाथ पाचारणे | ||
| 730 | _aपंचक | ||
| 942 | _cBOOK | ||
| 999 |
_c1055273 _d1055270 |
||